| 000 | 00978nam a22003495b 4500 | ||
|---|---|---|---|
| 001 | 00405297 | ||
| 003 | DO-SdBNP | ||
| 005 | 20180221112222.0 | ||
| 007 | 00405297 | ||
| 008 | 940531s1994 sp a |||| ||spa | ||
| 016 | 7 |
_a _2BPMSU |
|
| 017 |
_a _b |
||
| 020 | _a8434830892 | ||
| 035 | _a | ||
| 040 |
_aBPMSU _bspa _cBPMSU _e |
||
| 041 | 1 |
_aspa _h |
|
| 080 | 0 | _a | |
| 100 | 1 | _aFournel, Paul | |
| 240 | 1 | 0 | _aSuper chat contre Vilmatou / |
| 245 | 1 | 0 |
_aSupergato / _cPaul Fournel ; traducción Paz Barroso ; ilustraciones, Ana López Escrivá _h |
| 250 | _a5ª ed. | ||
| 260 |
_aMadrid : _bSM, _c1994 |
||
| 300 |
_a95 p. : _bil., _c19 cm |
||
| 490 |
_aEl barco de vapor _aSerie azul _v35 |
||
| 521 | _aA partir de 7 años. | ||
| 700 | 1 |
_aBarroso, Paz _etr. |
|
| 700 | 1 |
_aLópez Escrivá, Ana _eil. |
|
| 830 |
_aEl barco de vapor _pSerie azul _v35 |
||
| 942 |
_2ddc _cBK |
||
| 945 | _aInventariado, 2018/ YL | ||
| 956 |
_a VMATEO _210 _320160405 _6BPMSU _80069 |
||
| 999 |
_c9541 _d9541 |
||